Which Portland... - Statistics

General Stats
  • This quiz has been taken 12 times
  • The average score is 10 of 15
Answer Stats
Question Answer % Correct
Has a higher percentage of registered Republicans? Portland, Maine
100%
Is the birthplace of Stephen King? Portland, Maine
100%
Was named after the other? Portland, Oregon
100%
Is larger by area? Portland, Oregon
100%
Is further North? Portland, Maine
75%
Has a sports team called the "Portland Pickles" Portland, Oregon
75%
Has no words on its flag? Portland, Oregon
75%
Owns operating steam locomotives? Portland, Oregon
75%
Has a coastline? Portland, Maine
50%
Has more sunshine hours per year? Portland, Maine
50%
Has a sister city in Israel? Portland, Oregon
50%
Had a higher percentage population increase from 2010-2020? Portland, Oregon
50%
Is closer to Portland, New Zealand? Portland, Maine
25%
Has a higher percentage of registered Democrats? Portland, Maine
25%
Had a higher percentage of Native American people in 2010? Portland, Oregon
25%
No matching quizzes found
Score Distribution
Percent of People with Each Score
Percentile by Number Answered
Your Score History
You have not taken this quiz